Hydrometalurgické spracovanie vyradených mobilných telefónov

Bibliographic Details
Main Authors: Laubertová, Martina, 1975- (Author), Havlík, Tomáš, 1953- (Author), Zajacová, M. (Author)
Format: Article
Language:Slovak
ISSN:0369-2086
Subjects:

MARC

LEADER 00000nab a2200000 a 4500
001 vtls010255982
003 SK-MaSNL
005 20260305014155.0
008 25050731c2007 xo o e slol
015 |a SNBRB2008/01 
035 |a SVKKK000087836 
035 |a (urnnbn)urn:nbn:sk:snk:ar-005js8 
035 |a (uuid)6bd42254-c47b-4f93-a234-8bdc5c340ff1 
035 |a urn:nbn:sk:snk-ab80af 
038 |a SVKKK 
040 |a SNKBUCL  |b slo  |c SNKBUCL  |e AACR2 
041 0 |a slo 
044 |a xo  |c SK 
080 |a 621.395.6  |2 1997 
080 |a 628.54  |2 1997 
080 |a 669.053.4  |2 1997 
100 1 |a Laubertová, Martina,  |d 1975-  |4 aut  |9 201256 
245 1 0 |a Hydrometalurgické spracovanie vyradených mobilných telefónov  |c M. Laubertová, M. Zajacová, T. Havlík 
650 0 7 |a odpady elektrotechnické  |x telefóny mobilné  |x spracovanie hydrometalurgické  |2 snkbucl  |9 1592127 
700 1 |a Havlík, Tomáš,  |d 1953-  |4 aut  |9 131547 
700 1 |a Zajacová, M.  |4 aut  |9 1592128 
773 0 |t Mineralia slovaca  |g Roč. 39, č. 3 (2007)  |g Č. 3 (2007), s. 10  |x 0369-2086  |x 0369-2086 
773 0 |t [Príl.] Geovestník  |g Roč. 39, č. 3 (2007)  |g Č. 3 (2007), s. 10  |x 0369-2086  |x 0369-2086 
850 |a Slovenská národná knižnica 
852 |a Slovenská národná knižnica 
954 |a odborná, vedecká literatúra pôvodná (slovenská)  |2 lita 
958 |a article9 
958 |a OND 
958 |a EUIPO 
999 |c 3268049  |d 3269979